000 00903cad a22002175a 4500
001 E148428
008 090916s2009 xxk f 000 0 eng d
035 _a(Sirsi) u148428
041 0 _aeng
050 0 4 _a333.332 $2 18
110 2 _aCouncil of Mortgage Lenders
_95903
245 0 0 _aValuation advice in repossession cases
_h[electronic resource]
260 _a[S.l.]
_bCML
_c2009
520 _aClarifies the type of advice valuers can provide to lenders in relation to repossessed residential property. Aimed at improving the consistency of the advice given.
521 _aAdvanced
590 _aKA
651 4 _aEngland and Wales
_y1543-
690 _aPROPERTY-RESIDENTIAL PROPERTY-ACQUISITION AND DISPOSAL OF RESIDENTIAL PROPERTY
856 4 0 _uhttps://www.rics.org/Global/Downloads/Valuation_advice_in_repossession_cases.pdf
_zView the guidance free of charge at www.rics.org...
942 _n0
999 _c110048
_d110048